[Event "Viva Pizza!!!!"]
[Site "http://www.queenalice.com/game.php?id=831357"]
[Date "2010.9.11"]
[Round "-"]
[White "sandrino72"]
[Black "bobifixer"]
[Result "1-0"]
[WhiteElo "1990"]
[BlackElo "1944"]

1. d4 d5 2. c4 c6 3. Nf3 Nf6 4. Nc3 e6 5. e3 Be7 6. b3 dxc4 7. bxc4 O-O 8. Bd3
Nbd7 9. O-O Qc7 10. Bb2 e5 11. Qc2 exd4 12. exd4 Nb6 13. c5 Nbd7 14. Rfe1 Re8
15. Bc4 h6 16. Qb3 Nd5 17. Nxd5 cxd5 18. Bxd5 Qf4 19. Re4 Qf6 20. Rae1 1-0

[Event "Challenge"]
[Site "http://www.queenalice.com/game.php?id=832164"]
[Date "2010.9.13"]
[Round "-"]
[White "ORNELAS"]
[Black "sandrino72"]
[Result "1/2-1/2"]
[WhiteElo "1689"]
[BlackElo "2014"]

1. b3 e5 2. d4 exd4 3. Qxd4 Nf6 4. Qe5+ Be7 5. Ba3 Nc6 6. Qg5 O-O 7. Bb2 d5 8.
g3 h6 9. Qc1 Bc5 10. e3 d4 11. Nd2 dxe3 12. fxe3 Bxe3 13. Ngf3 Re8 14. Be2 Bg4
15. Bc3 Nd5 16. Qb2 Nxc3 17. Qxc3 Bxd2+ 18. Nxd2 Rxe2+ 19. Kd1 Rxd2+ 20. Kc1
Rd1+ 21. Rxd1 Qxd1+ 22. Kb2 Qd4 23. Qxd4 Nxd4 24. Re1 Kf8 25. Re4 Nxb3 26. Rxg4
Nc5 27. Rc4 b6 28. Rd4 Re8 29. h4 Ke7 30. Rg4 g6 31. a3 Rd8 32. Rf4 f5 33. g4
Ke6 34. gxf5+ gxf5 35. Rf3 Ke5 36. Re3+ Ne4 37. Rh3 f4 38. h5 Ng5 39. Rc3 c5 40.
a4 Rd4 41. Rb3 Rb4 42. Rxb4 cxb4 43. Kb3 Ne4 44. Kxb4 f3 45. Kb5 Nc5 46. a5 Nd7
47. axb6 axb6 48. Kc6 Ke6 49. c4 f2 50. Kc7 f1=Q 51. Kb7 Qxc4 52. Ka7 b5 53. Ka6
b4+ 54. Ka5 b3 1/2-1/2

[Event "Challenge"]
[Site "http://www.queenalice.com/game.php?id=832253"]
[Date "2010.9.13"]
[Round "-"]
[White "sandrino72"]
[Black "beejay"]
[Result "1-0"]
[WhiteElo "1933"]
[BlackElo "1699"]

1. c4 e5 2. Nc3 Nf6 3. Nf3 d6 4. d4 e4 5. Ng5 Bf5 6. g4 Nxg4 7. Ngxe4 Qh4 8. Bg5
Qh5 9. h3 Nxf2 10. Kxf2 f6 11. Bc1 Qh4+ 12. Ng3 d5 13. e3 g6 14. Qf3 Bd6 15.
cxd5 c6 16. Bg2 c5 17. Nb5 Kd7 18. Nxd6 Kxd6 19. dxc5+ Kxc5 20. e4 Bd7 21. Be3+
Kb5 22. Qe2+ Ka5 23. b4+ Ka4 24. Qc2+ Kxb4 25. Rab1+ Ka5 26. Qc5+ b5 27. Qa3#
1-0

[Event "Challenge"]
[Site "http://www.queenalice.com/game.php?id=834252"]
[Date "2010.9.17"]
[Round "-"]
[White "ONIT91"]
[Black "sandrino72"]
[Result "0-1"]
[WhiteElo "2023"]
[BlackElo "1972"]

1. c4 Nf6 2. Nc3 g6 3. e3 Bg7 4. Nge2 O-O 5. g3 c5 6. Bg2 d6 7. O-O Nc6 8. a3
Bd7 9. Rb1 Rb8 10. d3 a6 11. b3 b5 12. Bd2 e6 13. Ne4 Nxe4 14. dxe4 bxc4 15.
bxc4 Ne5 16. Qc2 Qc7 17. f4 Ng4 18. h3 Nf6 19. Bc3 Bc6 20. e5 Nd7 21. exd6 Qxd6
22. Bxc6 Qxc6 23. Qd3 Nb6 24. Bxg7 Kxg7 25. Nc3 Rfd8 26. Qe4 Qxe4 27. Nxe4 Nxc4
28. Rxb8 Rxb8 29. Nxc5 a5 30. Kf2 Rb2+ 31. Kg1 Rb5 32. Ne4 Nxa3 33. Kf2 Rb2+ 34.
Kf3 Nb1 35. Rc1 a4 36. Nc3 Nd2+ 37. Ke2 Nb3+ 38. Kd1 Nxc1 39. Kxc1 a3 40. h4 Rb3
41. Kc2 Rb2+ 42. Kc1 Rg2 43. Kb1 Rxg3 44. Ka2 Rxe3 45. Nd1 Rf3 0-1

[Event "AUTO-ADV-1909"]
[Site "http://www.queenalice.com/game.php?id=835024"]
[Date "2010.9.19"]
[Round "1"]
[White "sandrino72"]
[Black "joaoreis001"]
[Result "1-0"]
[WhiteElo "2010"]
[BlackElo "1675"]

1. d4 d5 2. c4 e6 3. Nc3 Bb4 4. Nf3 Nf6 5. Bg5 h6 6. Bh4 Nbd7 7. e3 O-O 8. cxd5
Bxc3+ 9. bxc3 exd5 10. Bd3 c6 11. O-O a5 12. Qc2 Qe8 13. c4 g6 14. cxd5 Nxd5 15.
a3 a4 16. Bg3 b5 17. e4 N5f6 18. Bd6 Bb7 19. Rfe1 Qe6 20. Bxf8 Kxf8 21. Rac1 Nb6
22. Qc5+ Qe7 23. Qxb6 Nd7 24. Qxb7 Rb8 25. Qxc6 Nf6 26. e5 Nd7 27. Bxb5 Rd8 28.
d5 Nb8 29. Qc5 Qxc5 30. Rxc5 Nd7 31. Bxd7 Rxd7 32. Rb1 Ke7 33. d6+ Ke6 34. g4 f5
35. Nd4+ Kf7 36. e6+ Ke8 37. exd7+ Kxd7 38. Rb6 fxg4 39. Rc7+ Kd8 40. Rb8# 1-0

[Event "AUTO-ADV-1909"]
[Site "http://www.queenalice.com/game.php?id=835025"]
[Date "2010.9.19"]
[Round "1"]
[White "joaoreis001"]
[Black "sandrino72"]
[Result "0-1"]
[WhiteElo "1667"]
[BlackElo "2013"]

1. d4 Nf6 2. Nc3 d5 3. Nf3 e6 4. Ne5 c5 5. b3 Qa5 6. Bb2 Ne4 7. Qd3 cxd4 8. Qb5+
Qxb5 9. Nxb5 Bb4+ 10. Bc3 Bxc3+ 11. Nxc3 dxc3 12. e3 f6 13. Bb5+ Ke7 14. f3 Nd6
15. Ng6+ hxg6 16. Bd3 g5 17. g4 Nc6 18. Ke2 e5 19. a3 Be6 20. h3 e4 21. fxe4
dxe4 22. Bc4 Bxc4+ 23. bxc4 Nxc4 24. a4 Rh4 25. Kf2 Rd8 26. Rad1 Rxd1 27. Rxd1
Rxh3 28. Re1 N6e5 29. Rb1 b6 30. Rb3 Rxe3 31. Kf1 Nxg4 32. Rb1 Nge5 33. Re1
Rxe1+ 34. Kxe1 f5 35. Ke2 f4 36. Kf2 g4 37. a5 g3+ 38. Kg2 e3 39. Kf1 f3 40. Kg1
e2 41. Kh1 e1=Q# 0-1

[Event "AUTO-ADV-1909"]
[Site "http://www.queenalice.com/game.php?id=835026"]
[Date "2010.9.19"]
[Round "1"]
[White "sandrino72"]
[Black "Reginato"]
[Result "1-0"]
[WhiteElo "2004"]
[BlackElo "1848"]

1. d4 d5 2. Nf3 f6 3. c4 Be6 4. Nc3 dxc4 5. e4 Bg4 6. Bxc4 Bxf3 7. Qxf3 Qxd4 8.
Qh5+ g6 9. Qb5+ Nd7 10. Be3 Qd6 11. Rd1 Qc6 12. Qb3 b6 13. Bf7+ Kd8 14. Bd5 Qd6
15. Bxa8 Qe5 16. Bc6 Qd6 17. Rxd6 exd6 18. Qe6 1-0

[Event "AUTO-ADV-1909"]
[Site "http://www.queenalice.com/game.php?id=835027"]
[Date "2010.9.19"]
[Round "1"]
[White "Reginato"]
[Black "sandrino72"]
[Result "0-1"]
[WhiteElo "1780"]
[BlackElo "2023"]

1. e4 e5 2. Bc4 Nf6 3. Qf3 c6 4. a3 d5 5. exd5 cxd5 6. Bb5+ Bd7 7. Nc3 Bxb5 8.
Nxb5 Nc6 9. d3 Qa5+ 10. Nc3 d4 11. Ne2 dxc3 12. b3 Bd6 13. O-O O-O 14. Qg3 Ne8
15. Qg4 Nb4 16. Nxc3 Nxc2 17. b4 Bxb4 18. Ra2 Bxc3 19. Rxc2 Bd4 20. h3 Qa6 21.
Qe4 Nf6 22. Qf3 Rac8 23. Rxc8 Rxc8 24. Rd1 Qc6 25. Qxc6 Rxc6 26. Bd2 Rc2 27. Rc1
Rxc1+ 28. Bxc1 Nd5 29. g3 b5 30. Kf1 a5 31. h4 h5 32. Bd2 Bc3 33. Bc1 b4 34. Ke2
b3 0-1

[Event "AUTO-ADV-1909"]
[Site "http://www.queenalice.com/game.php?id=835028"]
[Date "2010.9.19"]
[Round "1"]
[White "sandrino72"]
[Black "MCMLXXXI"]
[Result "1-0"]
[WhiteElo "1952"]
[BlackElo "1822"]

1. d4 d5 2. Nf3 Bg4 3. e3 c5 4. c4 e6 5. Nc3 Nf6 6. Qb3 b6 7. Ne5 Bf5 8. cxd5
Nxd5 9. Bb5+ Ke7 10. O-O Qd6 11. e4 Nxc3 12. bxc3 Bxe4 13. Re1 Bb7 14. dxc5 Qd5
15. c6 Bc8 16. Ba3+ Kf6 17. Ng4+ Kg6 18. Ne5+ Kf6 19. Ng4+ Kg6 20. c4 Qh5 21.
Ne5+ Kf6 22. g4 Qg5 23. Qf3+ 1-0

[Event "AUTO-ADV-1909"]
[Site "http://www.queenalice.com/game.php?id=835029"]
[Date "2010.9.19"]
[Round "1"]
[White "MCMLXXXI"]
[Black "sandrino72"]
[Result "0-1"]
[WhiteElo "1783"]
[BlackElo "1963"]

1. e4 e5 2. Nf3 Nc6 3. Bb5 d6 4. h3 Bd7 5. Nc3 Nge7 6. O-O a6 7. Ba4 g6 8. d3
Bg7 9. Be3 O-O 10. Re1 b5 11. Bb3 Nd4 12. Bxd4 exd4 13. Ne2 c5 14. c3 Nc6 15.
Bd5 dxc3 16. bxc3 b4 17. Rc1 bxc3 18. Nxc3 Rb8 19. Bc4 Be6 20. Nd5 Nd4 21. Bxa6
Bxd5 22. Nxd4 Bxe4 23. Rxe4 Bxd4 24. a4 d5 25. Re1 Rb2 26. Re2 Rxe2 27. Qxe2 Re8
28. Qd2 Re6 29. Bb5 Qe7 30. Kf1 Rf6 31. f3 Qe5 32. Qe2 Qh2 33. Ke1 Re6 0-1

[Event "Saint Lucia, l'isola dei sogni"]
[Site "http://www.queenalice.com/game.php?id=848974"]
[Date "2010.10.21"]
[Round "-"]
[White "Ghiceda"]
[Black "sandrino72"]
[Result "0-1"]
[WhiteElo "1917"]
[BlackElo "2001"]

1. f4 e5 2. fxe5 d6 3. exd6 Bxd6 4. Nf3 g5 5. d4 g4 6. Ng5 f5 7. e4 h6 8. e5 Be7
9. Nh3 gxh3 10. Qh5+ Kf8 11. Bc4 Qe8 12. Qxh3 Nc6 13. c3 Kg7 14. O-O Qg6 15. Bd3
Bg5 16. Nd2 Nge7 17. Nc4 Be6 18. Bf4 Nd5 19. Bxg5 hxg5 20. Qf3 Nce7 21. g4 Nf4
22. gxf5 Nxf5 23. Bxf5 Bxf5 24. Rae1 c6 25. Nd6 Bd3 26. Qg4 Bxf1 27. Qd7+ Kg8
28. e6 Nh3+ 29. Kh1 Rf8 30. e7 Bg2+ 31. Kxg2 Rf2+ 0-1

[Event "viva la democraZia italiana: la "]
[Site "http://www.queenalice.com/game.php?id=848975"]
[Date "2010.10.21"]
[Round "-"]
[White "sandrino72"]
[Black "Ghiceda"]
[Result "1/2-1/2"]
[WhiteElo "2014"]
[BlackElo "1904"]

1. a3 b6 2. f3 Bb7 3. Nh3 f5 4. d4 Nf6 5. c4 e6 6. Nc3 Be7 7. e3 d6 8. Nf4 Bc8
9. Bd3 O-O 10. O-O e5 11. Nfd5 Nxd5 12. cxd5 exd4 13. exd4 c5 14. dxc6 Nxc6 15.
Be3 d5 16. Qb3 Be6 17. Rac1 Na5 18. Qa2 Nc4 19. Bxc4 dxc4 20. d5 Bf7 21. Qxc4
Qd7 22. Rfd1 Rac8 23. Qd3 Rfd8 24. Bf4 Bf6 25. d6 Bc4 26. Qe3 Re8 27. Qf2 Bxc3
28. Rxc3 Be6 29. Rdc1 Rxc3 30. Rxc3 Rc8 31. Qd2 1/2-1/2

[Event "Challenge"]
[Site "http://www.queenalice.com/game.php?id=852131"]
[Date "2010.10.29"]
[Round "-"]
[White "sandrino72"]
[Black "AGVrpchessplayer"]
[Result "0-1"]
[WhiteElo "2029"]
[BlackElo "2045"]

1. g3 Nf6 2. Bg2 d5 3. Nf3 c5 4. c4 e6 5. O-O Nc6 6. cxd5 exd5 7. d4 Be6 8. Nc3
Bd6 9. Bg5 h6 10. Bxf6 Qxf6 11. dxc5 Bxc5 12. Nxd5 Bxd5 13. Qxd5 Be7 14. Qb3 O-O
15. Rac1 Na5 16. Qb5 b6 17. b4 Nb7 18. Qd5 Nd6 19. e4 Qe6 20. Qxe6 fxe6 21. e5
Nf7 22. Nd4 Rac8 23. Nc6 Rc7 24. Bh3 Ng5 0-1